000 02671nam a22002657a 4500
003 OSt
005 20240618154600.0
008 240617s2015 ck ao||gr|||| 00| 0 spa d
020 _a9789583046513
037 _bDonación
040 _aCO-JMCR
_bspa
_cCO-JMCR
_dCO-JMCR
_erda
041 0 _aspa
082 0 4 _223
_a306.7
_bC19c
100 1 _aNieto Martínez, Carla,
_d1968 -
_eautora
_943693
245 1 0 _aSexo para descubrir a las chicas /
_cCarla Nieto Martínez.
260 _aBogotá :
_bPanamericana,
_c2015
300 _a63 páginas :
_bIlustraciones a color, Fotografías ;
_c30 cm.
490 0 _aSexo juvenil
505 0 _aLa adolescencia femenina -- Así cambia tu organismo -- Un carrusel hormonal -- La primera regla -- Tu ciclo menstrual -- Tampones y toallas -- SPM: el tormento mensual -- El busto: tu nueva seña de identidad -- Frente al vello, depilación -- Curvas y llantas: no tan fieras -- Moldea tu cuerpo -- Anorexia y bulimia -- ¿Explícita o recatada? -- Pudor: cómo gestionarlo -- La virginidad -- La sangre y otros mitos -- Femenino y sensual -- En busca del amor perfecto -- Atracción o amor verdadero -- Respuesta sexual masculina -- Evitar la dependencia -- ¿Cuándo debes visitar al ginecólogo? -- Enfermedades de transmisión sexual -- La píldora anticonceptiva -- Otros métodos anticonceptivos -- El preservativo: otro aliado -- Embarazo no deseado -- Aprender a decir no -- Amigas para siempre -- La relación con tu familia -- A salvo de abusos.
520 3 _aLa adolescencia es un periodo lleno de cambios y de emociones nuevas. La colección Sexo juvenil te ayuda a aclarar las grandes dudas que te puedan surgir en esta etapa de manera cercana y fácil. Chico o chica, podrás elegir el libro que mejor se adapte a tus inquietudes y que te ayude a descubrir esos pequeños secretos que encierra el sexo. Tu cuerpo ha empezado a cambiar, tus hábitos no son los mismos, tu aspecto físico es diferente... ¿Qué te ocurre?: la adolescencia ha llegado a tu puerta. Sexo para descubrir a las chicas pretende informar a la chica, y al chico que se acerque el tema, qué es lo que les sucede a las jóvenes a esta edad: entender la menstruación, el papel que desempeñan las amigas, cómo se despierta el deseo sexual y la inquietud por conquistar a un chico, así como toda la información sobre las relaciones sexuales. ¿A quién no le interesa lo que le ocurre al sexo contrario? ¡Descúbrelo!
650 1 4 _2JMCR
_aEducación sexual para jovenes
_xSexo
_943694
650 2 4 _2JMCR
_aPreguntas y respuestas
_xMujeres adolescentes
_943695
650 3 4 _2JMCR
_aAdolescencia femenina
_xSalud e higiene
_943696
942 _2ddc
_cBK
999 _c30760
_d17144